000 00318nam a2200133Ia 4500
008 240624s9999 xx 000 0 und d
041 _aeng
082 _a338.59491 LIE
100 _aLIEVEN ALEX
245 _aPAKISTAN A HARD COUNTRY
260 _c2011
_aNew Delhi
_bAllen Lane
300 _a576 : p.
365 _cRS
_b25
999 _c18053
_d18053